| 000 | 00807namaa22002291 4500 | ||
|---|---|---|---|
| 001 | 178927 | ||
| 003 | ES-MaACL | ||
| 005 | 20250815110844.0 | ||
| 008 | 110810s1904 fr |||| | fre d | ||
| 080 | _a55 | ||
| 100 | 0 |
_aMeunier, Stanislas. _980761 |
|
| 245 | 1 | 3 |
_aLa géologie expérimentale / _cpar Stanislas Meunier. |
| 250 | _a2e éd. rev. | ||
| 260 | 1 |
_aParís : _bFélix Alcan : _bAncienne Librairie Germer Baillière et Cª, _c1904 ( _eEvreaux : _fCharles Herissay) |
|
| 300 |
_aIV, 321 p. ; _c23 cm. |
||
| 490 | 1 |
_aBibliothèque scientifique internationale ; _v92 |
|
| 500 | _aAvec 56 figures dans le texte. | ||
| 650 | 0 | 7 |
_aGeología _2embne _913086 |
| 830 | 0 |
_aBibliothèque scientifique internationale ; _v92 _9186949 |
|
| 852 |
_aES-MaACL _jF-14421 |
||
| 999 |
_c178927 _d178927 |
||